ბათუმის შოთა რუსთაველის სახელმწიფო უნივერსიტეტის ბიბლიოთეკა

სალიტერატურო ენის ნორმების საკითხები. (ბიბ.ჩანაწერი № 43023)

000 -LEADER
fixed length control field 00939nam a2200253Ia 4500
001 - CONTROL NUMBER
control field 9742
003 - CONTROL NUMBER IDENTIFIER
control field GE_BSU
008 - FIXED-LENGTH DATA ELEMENTS--GENERAL INFORMATION
fixed length control field 181216s||||||||xx |||||||||||||| ||und||
020 ## - INTERNATIONAL STANDARD BOOK NUMBER
International Standard Book Number 9789941163821.
040 ## - CATALOGING SOURCE
Transcribing agency GE_BSU
080 ## - UNIVERSAL DECIMAL CLASSIFICATION NUMBER
Universal Decimal Classification number 811.133.1-26
100 ## - MAIN ENTRY--PERSONAL NAME
Personal name საღინაძე,რუსუდან
245 ## - TITLE STATEMENT
Title სალიტერატურო ენის ნორმების საკითხები.
245 ## - TITLE STATEMENT
Remainder of title მონოგრაფია
245 ## - TITLE STATEMENT
Statement of responsibility, etc. რედ:ჟუჟუნა ფეიქრიშვილი.
260 ## - PUBLICATION, DISTRIBUTION, ETC.
Place of publication, distribution, etc. თბილისი.
260 ## - PUBLICATION, DISTRIBUTION, ETC.
Name of publisher, distributor, etc. საქართველოს მაცნე
260 ## - PUBLICATION, DISTRIBUTION, ETC.
Date of publication, distribution, etc. 2013.
300 ## - PHYSICAL DESCRIPTION
Extent 215გვ;20სმ.
300 ## - PHYSICAL DESCRIPTION
Other physical details ბიბლოგრ.გვ;211-214.
653 ## - INDEX TERM--UNCONTROLLED
Uncontrolled term მონოგრაფია
653 ## - INDEX TERM--UNCONTROLLED
Uncontrolled term სალიტერატურო ენის ნორმების საკითხები
942 ## - ADDED ENTRY ELEMENTS (KOHA)
Koha item type წიგნი
ეგზემპლარები
Withdrawn status Lost status Damaged status Not for loan Date acquired Barcode Date last seen Price effective from Koha item type
        2018-12-17 32445 2018-12-17 2018-12-17 წიგნი